000 00314nam a2200133 i 4500
001 bg
100 1 _aLUBELSKI, Karol
245 0 _aElektrotechnika teoretyczna /
_cKarol Lubelski.
260 _aCzęstochowa,
_c1979.
040 _cBPK
041 _apol
942 _cKS
008 s pl f |000 0 pol
999 _c19130
_d19130
856 _uhttp://koha.tu.koszalin.pl/cgi-bin/koha/opac-detail.pl?biblionumber=19130
_yKatalog online BPK